LEADER 03347nam 2200661 a 450 001 9910220102203321 005 20240617065459.0 010 $a0-8330-5882-7 035 $a(CKB)2550000000049466 035 $a(EBL)777020 035 $a(OCoLC)748682910 035 $a(SSID)ssj0000541617 035 $a(PQKBManifestationID)11340860 035 $a(PQKBTitleCode)TC0000541617 035 $a(PQKBWorkID)10498944 035 $a(PQKB)11749979 035 $a(MiAaPQ)EBC777020 035 $a(Au-PeEL)EBL777020 035 $a(CaPaEBR)ebr10500658 035 $a(oapen)doab114960 035 $a(EXLCZ)992550000000049466 100 $a20110818d2011 uy 0 101 0 $aeng 135 $aurcn||||||||| 181 $ctxt 182 $cc 183 $acr 200 10$aStray dogs and virtual armies $eradicalization and recruitment to jihadist terrorism in the United States since 9/11 /$fBrian Michael Jenkins 205 $a1st ed. 210 $aSanta Monica, Calif. $cRAND$d2011 215 $a1 online resource (57 p.) 225 1 $aRand investment in people and ideas 225 1 $aOccasional paper 300 $aDescription based upon print version of record. 311 08$a0-8330-5880-0 320 $aIncludes bibliographical references. 327 $aCover; Title Page; Copyright Page; Preface; Contents; Summary; Acknowledgments; Al Qaeda's Emphasis on Do-It-Yourself Terrorism; The Terrorists; Who's In and Who's Out?; The Numbers; Numbers of Cases of Terrorism in the United States; Numbers of Individual Homegrown Terrorists; Comparison with Europe; Profile of the Recruits; U.S. Terrorists Abroad; Going Abroad to Fight; The Somali Cases; Recruiting in Diaspora Communities Is Not New; Radicalization and Recruitment to Terrorism; Communications and the Importance of the Internet; The Path to Terrorism; A Closer Look at the Terrorist Plots 327 $aStray Dogs, Not Lone Wolves Suicide Attacks Are Rarely Contemplated by American Recruits; Assessing the Threat; Slouching Toward Action; Attitudes of the American Muslim Community; Potential Future Threats Drive Concerns; An Appreciation of the Current Situation; Chronology of the Cases; Bibliography 330 $aSince 9/11, ""homegrown terrorists"" have planned or implemented terrorist activities, supported others' terrorist activities, or become radicalized in the United States and traveled abroad to conduct activities against other countries or the United States. This paper examines the cases of homegrown terrorism, highlights lessons learned from those cases that suggest future actions, and includes a chronology of terrorist events in the United States. 410 0$aOccasional paper (Rand Corporation) 410 0$aOccasional paper. 606 $aTerrorism$zUnited States$xPrevention 606 $aIslamic fundamentalism$zUnited States 606 $aJihad 606 $aTerrorism$zUnited States$xPrevention$vCase studies 615 0$aTerrorism$xPrevention. 615 0$aIslamic fundamentalism 615 0$aJihad. 615 0$aTerrorism$xPrevention 676 $a363.3250973 700 $aJenkins$b Brian Michael$0891518 801 0$bMiAaPQ 801 1$bMiAaPQ 801 2$bMiAaPQ 906 $aBOOK 912 $a9910220102203321 996 $aStray dogs and virtual armies$92037076 997 $aUNINA